Score 0/18 Timer 03:00
11 Plays Today
% Correct
Captain America
96.4%
Spider-Man
96.3%
Green Lantern
96.1%
The Hulk
95.7%
Deadpool
95.2%
Wolverine
94.8%
Elastigirl
94.8%
The Human Torch
94.5%
Aquaman
94.2%
% Correct
Donatello
93.9%
The Thing
93.6%
Reverse-Flash
90.3%
Mystique
87.8%
Huntress
82.4%
Firestar
81.8%
The Phantom
79.8%
Chakra the Invincible
57.1%
Polaris
56.9%

You're not logged in!

Compare scores with friends on all Sporcle quizzes.
OR
Log In

Sporcle TV

Today on Sporcle TV


Watch our educational content, quiz creation guides, and fun videos on Sporcle TV.

Show Comments

Extras

Top Quizzes Today


Score Distribution

Your Account Isn't Verified!

In order to create a playlist on Sporcle, you need to verify the email address you used during registration. Go to your Sporcle Settings to finish the process.

Report this User

Report this user for behavior that violates our Community Guidelines.

Details: